| 000 | 00836nam a22001937a 4500 | ||
|---|---|---|---|
| 005 | 20241010083444.0 | ||
| 008 | 241010b ||||| |||| 00| 0 eng d | ||
| 040 | _cSSBUL | ||
| 082 |
_223 _a၂၉၄.၃၄၄၃၅ တင် _b၁၃၀၇၉ S-SAT |
||
| 100 | 0 | _aတင်မွန်၊ မင်း၊ ဒေါက်တာ- | |
| 245 | 1 |
_aဖားအောက်တောရမိတ်ဆက် / _cဒေါက်တာမင်းတင်မွန်။ |
|
| 250 | _aဒုတိယအကြိမ်။ | ||
| 260 |
_aရန်ကုန် ၊ _bရတနာမင်းစာပေ၊ _c၁၉၉၄။ |
||
| 300 |
_a၁၅၂ စာမျက်နှာ ။ _c၁၈ စင်တီ။ |
||
| 500 | _aS-SAT: Dr. Sai Aung Tun | ||
| 650 | _aဝိပဿနာ | ||
| 650 | _aကမ္မဌာန်း | ||
| 942 |
_2ddc _cBK1 |
||
| 999 |
_c40963 _d40963 |
||